000
00267nam a22001097a 4500
082
_a
658.787 SAL
100
_a
SALEEMI N.A
245
_a
Storekeeping and stock control simplified
260
_a
Nairobi
_b
Saleemi publishers
_c
1997
300
_a
276p.
_b
20 cm
942
_c
BK
999
_c
18789
_d
18789